[Event "It (cat.7)"]
[Site "masterchessopen.com Budapest (Hungary)"]
[Date "2005.02.08"]
[Round "4"]
[White "Ilincic Zlatko (SRB)"]
[Black "Boros Denes (HUN)"]
[Result "1-0"]
[WhiteElo "2540"]
[BlackElo "2460"]

{ Ilincic Zlatko (SCG) +5 =8 -1 Boros Denes (HUN) +0 =2 -0 Ilincic Zlatko
(SCG)-Boros Denes (HUN) +0 =1 -0 } 1.d4 Nf6 2.c4 g6 3.g3 Bg7 4.Bg2 d5 5.cxd5
Nxd5 6.e4 Nb4 { ? } ( 6...Nb6 7.Ne2 c5 8.d5 e6 9.Nbc3 exd5 10.exd5 O-O 11.O-O
Na6 12.h3 Nc4 13.b3 Nd6 14.Bf4 b6 15.Qd2 Re8 16.Rad1 Bb7 17.g4 Nc7 18.a4 Ba6
19.Rfe1 Bxe2 20.Nxe2 Be5 21.Bg5 Bf6 22.Be3 Qd7 23.Ng3 Re7 24.Bf4 Rxe1+ 25.Rxe1
Re8 26.Rd1 { ...0-1, Lputian Smbat G 2618 - Van Wely Loek 2714 , Moscow 2001
Ch World FIDE (KO-system) } ) 7.d5 c6 8.a3 ( 8.Ne2 cxd5 9.a3 N4a6 10.exd5 O-O
11.O-O Nd7 12.Nbc3 Ne5 13.h3 Nc4 14.Re1 Bd7 15.Nf4 Rc8 16.Ra2 Nc5 17.a4 Re8
18.Bf1 Nd6 19.g4 Qb6 20.Nb5 a5 21.Nd3 Nxb5 22.axb5 Bd4 23.Nxc5 Qxc5 24.Be3
Bxe3 25.Rxe3 b6 26.Raa3 Qc1 27.Qe2 Rc2 { ...1/2-1/2, Ilincic Zlatko 2522 -
Fogarasi Tibor 2425 , Budapest 5.12.2004 It (cat.7) } ) 8...Qa5 9.Nc3 cxd5
10.Bf4 N4c6 11.exd5 Nd4 12.Nf3 { ?/= } ( 12.Rc1 O-O 13.Nf3 Bg4 14.h3 Bxf3
15.Bxf3 Qa6 16.Be4 Nd7 17.Be3 Nf5 18.Bxf5 gxf5 19.Qe2 Ne5 20.Qxa6 bxa6 21.Ke2
Nc4 22.Na4 Nxb2 23.Nxb2 Bxb2 24.Rc6 Bxa3 { 1/2-1/2, Karpov Anatoly 2775 -
Anand Viswanathan 2725 , Monte Carlo 1995 It "Melody Amber" (blindfold) } )
12...Bg4 13.O-O O-O 14.Re1 Qb6 15.Rb1 ( 15.Na4 Qa6 16.Nc5 Qb6 17.Na4 Qa6
18.Nc5 Qb6 19.Na4 Qa6 20.Nc5 { 1/2-1/2, Ilincic Zlatko 2522 - Ruck Robert 2562
, Neum 30. 5.2004 Ch Bosnia & Herzegovina (team) } ) ( 15.Be5 Bxe5 16.Rxe5
Bxf3 17.Bxf3 Qxb2 18.Bg2 Qxc3 19.Re3 Qc5 20.Rc1 Qb6 21.Rb1 Qf6 22.g4 e5
23.dxe6 fxe6 { 0-1, Goj Artur 2264 - Ragozin Evgeni 2489 , Polanica Zdroj 2000
It (open) } ) 15...e6 ( 15...Nd7 16.Rxe7 Rac8 17.d6 g5 18.Bxg5 Qxd6 19.Ne4 Qg6
20.Nh4 Qxg5 21.Nxg5 Bxd1 22.Rxd1 Nc5 23.b4 Bf6 24.Ree1 Nce6 25.Nxe6 fxe6
26.Bxb7 Rc3 27.Re3 Rxe3 28.fxe3 Nc2 29.Ng2 Nxa3 30.Nf4 Rd8 31.Rc1 Bg5 32.Rc3
Nb1 33.Rc7 e5 34.Be4 exf4 35.exf4 { ...1/2-1/2, Tregubov Pavel V 2629 - Belov
Vladimir 2552 , St. Petersburg 5.2004 Ch Russia (qual) } ) 16.Re4 Nd7 17.Na4
Nxf3+ ( 17...Qa6 18.Rxd4 Bxf3 19.Bxf3 Bxd4 20.dxe6 Ne5 21.exf7+ Rxf7 22.Bxe5
Bxe5 23.Bd5 Qf6 24.Bxf7+ Qxf7 25.Nc5 Rf8 26.Qd2 b6 27.Ne4 Qb3 28.Qd7 Bg7
29.Ng5 Qc2 30.Rf1 Qf5 31.Qe6+ Kh8 32.Qxf5 Rxf5 33.Rd1 Bxb2 34.Rd8+ Kg7 35.h4
Bxa3 36.Rd7+ Kg8 37.Rxa7 { ...1/2-1/2, Ilincic Zlatko 2522 - Szeberenyi Adam
2366 , Torokbalint 19.10.2004 Memorial Bela Papp (cat.8) } ) 18.Bxf3 Bxf3
19.Qxf3 Qa5 20.dxe6 fxe6 21.Qd1 ( 21.Qb3 Qd5 22.Rb4 b6 23.Rd1 Qxb3 24.Rxb3 Nf6
25.Nc3 ( 25.Be5 { +0.07 CAP } ) 25...Rad8 26.Rxd8 Rxd8 27.Nb5 Rd1+ 28.Kg2 Nd5
29.Nxa7 Rb1 30.Bd6 Rxb2 31.Rxb2 Bxb2 32.Kf3 Kf7 33.Ke4 Nf6+ 34.Kd3 e5 35.Nc8
e4+ 36.Ke2 Nd5 37.f3 exf3+ 38.Kxf3 Ke6 39.Bf8 Kf7 40.Bd6 Ke6 { ...1/2-1/2,
Ilincic Zlatko 2522 - Fogarasi Tibor 2425 , Torokbalint 21.10.2004 Memorial
Bela Papp (cat.8) } ) 21...Qf5 { -0.60 CAP } 22.Re2 Rac8 { N } ( 22...e5
23.Bd2 Nf6 24.Nc3 Kh8 25.Qf1 Rac8 26.Rbe1 e4 27.h3 Rfe8 28.g4 Qd7 29.Bg5 Re5
30.Bxf6 Bxf6 31.Nxe4 Bg7 32.Nf6 Bxf6 33.Rxe5 Bxe5 34.Rxe5 Qd2 35.Qe2 Qxe2
36.Rxe2 Rc7 37.f4 Kg7 38.Kf2 Kf6 39.Ke3 Rc1 40.Ke4 Rc4+ 41.Kf3 Rd4 42.g5+ {
...1/2-1/2, Ilincic Zlatko 2522 - Boros Denes 2414 , Budapest 1.12.2004 It
(cat.7) } ) 23.Nc3 Nc5 24.Rd2 Bxc3 25.bxc3 Ne4 26.Rd7 g5 { ?? } ( { ? }
26...b5 27.Rb2 g5 28.Be3 a6 { } ) 27.Rbxb7 gxf4 28.Rg7+ Kh8 29.g4 Qf6 30.Rxh7+
Kg8 31.Qd7 Rfd8 32.Rh8+ { } {#r} 1-0

[Event "It (cat.7)"]
[Site "masterchessopen.com Budapest (Hungary)"]
[Date "2005.02.17"]
[Round "13"]
[White "Ilincic Zlatko (SRB)"]
[Black "Fogarasi Tibor (HUN)"]
[Result "0-1"]
[WhiteElo "2540"]
[BlackElo "2482"]

{ Ilincic Zlatko (SCG) +5 =8 -1 Fogarasi Tibor (HUN) +0 =2 -0 Ilincic Zlatko
(SCG)-Fogarasi Tibor (HUN) +0 =2 -0 } 1.d4 Nf6 2.c4 g6 3.g3 Bg7 4.Bg2 d5
5.cxd5 Nxd5 6.e4 Nb4 { ? } ( 6...Nb6 7.Ne2 c5 8.d5 e6 9.Nbc3 exd5 10.exd5 O-O
11.O-O Na6 12.h3 Nc4 13.b3 Nd6 14.Bf4 b6 15.Qd2 Re8 16.Rad1 Bb7 17.g4 Nc7
18.a4 Ba6 19.Rfe1 Bxe2 20.Nxe2 Be5 21.Bg5 Bf6 22.Be3 Qd7 23.Ng3 Re7 24.Bf4
Rxe1+ 25.Rxe1 Re8 26.Rd1 { ...0-1, Lputian Smbat G 2618 - Van Wely Loek 2714 ,
Moscow 2001 Ch World FIDE (KO-system) } ) 7.d5 c6 8.a3 ( 8.Ne2 cxd5 9.a3 N4a6
10.exd5 O-O 11.O-O Nd7 12.Nbc3 Ne5 13.h3 Nc4 14.Re1 Bd7 15.Nf4 Rc8 16.Ra2 Nc5
17.a4 Re8 18.Bf1 Nd6 19.g4 Qb6 20.Nb5 a5 21.Nd3 Nxb5 22.axb5 Bd4 23.Nxc5 Qxc5
24.Be3 Bxe3 25.Rxe3 b6 26.Raa3 Qc1 27.Qe2 Rc2 { ...1/2-1/2, Ilincic Zlatko
2522 - Fogarasi Tibor 2425 , Budapest 5.12.2004 It (cat.7) } ) 8...Qa5 9.Nc3
cxd5 10.Bf4 N4c6 11.exd5 Nd4 12.Nf3 { ?/= } ( 12.Rc1 O-O 13.Nf3 Bg4 14.h3 Bxf3
15.Bxf3 Qa6 16.Be4 Nd7 17.Be3 Nf5 18.Bxf5 gxf5 19.Qe2 Ne5 20.Qxa6 bxa6 21.Ke2
Nc4 22.Na4 Nxb2 23.Nxb2 Bxb2 24.Rc6 Bxa3 { 1/2-1/2, Karpov Anatoly 2775 -
Anand Viswanathan 2725 , Monte Carlo 1995 It "Melody Amber" (blindfold) } )
12...Bg4 13.O-O O-O 14.Re1 Qb6 15.Rb1 ( 15.Na4 Qa6 16.Nc5 Qb6 17.Na4 Qa6
18.Nc5 Qb6 19.Na4 Qa6 20.Nc5 { 1/2-1/2, Ilincic Zlatko 2522 - Ruck Robert 2562
, Neum 30. 5.2004 Ch Bosnia & Herzegovina (team) } ) ( 15.Be5 Bxe5 16.Rxe5
Bxf3 17.Bxf3 Qxb2 18.Bg2 Qxc3 19.Re3 Qc5 20.Rc1 Qb6 21.Rb1 Qf6 22.g4 e5
23.dxe6 fxe6 { 0-1, Goj Artur 2264 - Ragozin Evgeni 2489 , Polanica Zdroj 2000
It (open) } ) 15...e6 ( 15...Nd7 16.Rxe7 Rac8 17.d6 g5 18.Bxg5 Qxd6 19.Ne4 Qg6
20.Nh4 Qxg5 21.Nxg5 Bxd1 22.Rxd1 Nc5 23.b4 Bf6 24.Ree1 Nce6 25.Nxe6 fxe6
26.Bxb7 Rc3 27.Re3 Rxe3 28.fxe3 Nc2 29.Ng2 Nxa3 30.Nf4 Rd8 31.Rc1 Bg5 32.Rc3
Nb1 33.Rc7 e5 34.Be4 exf4 35.exf4 { ...1/2-1/2, Tregubov Pavel V 2629 - Belov
Vladimir 2552 , St. Petersburg 5.2004 Ch Russia (qual) } ) 16.Re4 Nd7 17.Na4
Nxf3+ ( 17...Qa6 18.Rxd4 Bxf3 19.Bxf3 Bxd4 20.dxe6 Ne5 21.exf7+ Rxf7 22.Bxe5
Bxe5 23.Bd5 Qf6 24.Bxf7+ Qxf7 25.Nc5 Rf8 26.Qd2 b6 27.Ne4 Qb3 28.Qd7 Bg7
29.Ng5 Qc2 30.Rf1 Qf5 31.Qe6+ Kh8 32.Qxf5 Rxf5 33.Rd1 Bxb2 34.Rd8+ Kg7 35.h4
Bxa3 36.Rd7+ Kg8 37.Rxa7 { ...1/2-1/2, Ilincic Zlatko 2522 - Szeberenyi Adam
2366 , Torokbalint 19.10.2004 Memorial Bela Papp (cat.8) } ) 18.Bxf3 Bxf3
19.Qxf3 Qa5 20.dxe6 fxe6 21.Qd1 ( 21.Qb3 Qd5 22.Rb4 b6 23.Rd1 Qxb3 24.Rxb3 Nf6
25.Nc3 ( 25.Be5 { +0.07 CAP } ) 25...Rad8 26.Rxd8 Rxd8 27.Nb5 Rd1+ 28.Kg2 Nd5
29.Nxa7 Rb1 30.Bd6 Rxb2 31.Rxb2 Bxb2 32.Kf3 Kf7 33.Ke4 Nf6+ 34.Kd3 e5 35.Nc8
e4+ 36.Ke2 Nd5 37.f3 exf3+ 38.Kxf3 Ke6 39.Bf8 Kf7 40.Bd6 Ke6 { ...1/2-1/2,
Ilincic Zlatko 2522 - Fogarasi Tibor 2425 , Torokbalint 21.10.2004 Memorial
Bela Papp (cat.8) } ) 21...Qf5 { -0.60 CAP } 22.Re2 e5 23.Bd2 e4 { N } (
23...Nf6 24.Nc3 Kh8 25.Qf1 Rac8 26.Rbe1 e4 27.h3 Rfe8 28.g4 Qd7 29.Bg5 Re5
30.Bxf6 Bxf6 31.Nxe4 Bg7 32.Nf6 Bxf6 33.Rxe5 Bxe5 34.Rxe5 Qd2 35.Qe2 Qxe2
36.Rxe2 Rc7 37.f4 Kg7 38.Kf2 Kf6 39.Ke3 Rc1 40.Ke4 Rc4+ 41.Kf3 Rd4 42.g5+ Kf7
43.Re3 { ...1/2-1/2, Ilincic Zlatko 2522 - Boros Denes 2414 , Budapest
1.12.2004 It (cat.7) } ) 24.Bc3 Rae8 25.Bxg7 Kxg7 26.Rc1 Ne5 27.Rc7+ Kh8
28.Nc3 { ? ^00 ^00 ^00 ^01 ^00 ^05 Ne5f3 ^254 ^00 ^00 ^00 ^128 } ( 28.Qd4 Rf6
29.Qe3 Nf3+ 30.Kg2 { } ) 28...Nf3+ { ! } ( 28...Rd8 29.Qf1 Nf3+ 30.Kg2 Ng5 { }
) 29.Kg2 Rd8 30.Qf1 Ng5 31.Kh1 Qf3+ { ?! } ( 31...Rd3 { !? } 32.Qg2 Nh3
33.Qxe4 Nxf2+ { } ) 32.Kg1 Rd2 { ? } ( { ? } 32...Rd3 33.Rc5 Qg4 34.Rxg5 Qxg5
{ } ) 33.Rxd2 e3 34.h4 exd2 35.hxg5 Re8 36.Rd7 Re1 37.Rxd2 { ?! } ( 37.Rd8+ {
!? } 37...Kg7 38.Rxd2 Rxf1+ 39.Kxf1 { } ) 37...Rxf1+ 38.Kxf1 Qh1+ 39.Ke2 Qh5+
40.f3 Qxg5 41.Ne4 Qb5+ 42.Ke3 Kg7 43.g4 { ?! } ( 43.b4 { !? } 43...b6 44.Rc2
Qa4 45.Rc7+ { } ) 43...h6 44.Kf4 a5 45.Ke3 Kf8 46.Kf4 Qc6 47.Ke5 Ke7 48.Kf4
Qc1 49.Ke5 Qc4 50.Kf4 Qc1 51.Ke5 Qf1 52.Kf4 h5 53.gxh5 gxh5 54.Rh2 { } {#R}
0-1

[Event "It (cat.7)"]
[Site "masterchessopen.com Budapest (Hungary)"]
[Date "2005.03.07"]
[Round "3"]
[White "Ilincic Zlatko (SRB)"]
[Black "Fogarasi Tibor (HUN)"]
[Result "1/2-1/2"]
[WhiteElo "2540"]
[BlackElo "2482"]

1.d4 Nf6 2.c4 g6 3.g3 Bg7 4.Bg2 d5 5.cxd5 Nxd5 6.e4 Nb4 7.d5 c6 8.a3 Qa5 9.Nc3
cxd5 10.Bf4 N4c6 11.exd5 Nd4 12.Nf3 Bg4 13.O-O O-O 14.Re1 Qb6 15.Rb1 e6 16.Re4
Nd7 17.Na4 Nxf3+ 18.Bxf3 Bxf3 19.Qxf3 Qa5 20.dxe6 fxe6 21.Qd1 Qf5 22.Re2 e5
23.Be3 e4 24.Nc3 Rae8 25.Qd5+ Qxd5 26.Nxd5 b6 27.Bf4 Nc5 28.Nc7 Rc8 29.Nb5 Nd3
30.Be3 Ra8 31.Nc7 Rac8 32.Ne6 Rfe8 33.Nxg7 Kxg7 34.Bd4+ Kf7 35.Bc3 Rc5 36.Rd1
Rf5 37.Kg2 g5 38.Rdd2 h5 39.h3 g4 40.Rc2 Rc5 41.Rcd2 Rf5 42.a4 Re6 43.hxg4
hxg4 44.Rd1 Rh6 45.Rxe4 Rxf2+ 46.Kg1 Rhh2 47.Rxd3 Rhg2+ 48.Kh1 Rh2+ 49.Kg1
Rhg2+ 50.Kh1 Rh2+ {#d} 1/2-1/2

[Event "Cup Torch Real Estate"]
[Site "masterchessopen.com Jinan (China)"]
[Date "2005.04.22"]
[Round "3"]
[White "Lin Ta (CHN)"]
[Black "Luo Wei (CHN)"]
[Result "1-0"]
[WhiteElo "2386"]
[BlackElo "2289"]

1.d4 Nf6 2.c4 g6 3.g3 Bg7 4.Bg2 d5 5.cxd5 Nxd5 6.e4 Nb4 7.a3 N4c6 8.d5 Nd4
9.Nc3 c5 10.Nge2 O-O 11.O-O Na6 12.Be3 e5 13.f4 Bd7 14.Nc1 Rc8 15.fxe5 Bxe5
16.Nd3 Bg7 17.e5 Nf5 18.Bf2 c4 19.e6 cxd3 20.exd7 Qxd7 21.Qxd3 Nc5 22.Qb5 Qxb5
23.Nxb5 Nb3 24.Rad1 a6 25.g4 axb5 26.gxf5 Be5 27.d6 Rc2 28.d7 Rd8 29.Rfe1 Bc7
30.Bh4 {#r} 1-0

[Event "It (cat.8)"]
[Site "masterchessopen.com Budapest (Hungary)"]
[Date "2005.05.11"]
[Round "5"]
[White "Ilincic Zlatko (SRB)"]
[Black "Varadi Viktor (HUN)"]
[Result "1/2-1/2"]
[WhiteElo "2540"]
[BlackElo "2374"]

1.d4 Nf6 2.c4 g6 3.g3 Bg7 4.Bg2 d5 5.cxd5 Nxd5 6.e4 Nb4 7.d5 c6 8.Ne2 cxd5
9.a3 Qa5 10.O-O dxe4 11.Bd2 N8a6 12.Qe1 Bxb2 13.Ra2 Bg7 14.Nc1 Be6 15.axb4 Qb6
16.Rc2 f5 17.Na3 Rc8 18.Rxc8+ Bxc8 19.Nb3 Be6 20.Na5 O-O 21.Qb1 Rd8 22.b5 Nc7
23.N3c4 Bxc4 24.Nxc4 Qxb5 25.Bf4 Qxc4 26.Rc1 Qb5 27.Bxc7 Qxb1 28.Rxb1 Rd2
29.Bf4 Rb2 30.Rd1 Bf6 31.Bf1 b5 32.Be3 a6 33.Rd8+ Kg7 34.Ra8 Rb1 35.Rxa6 b4
36.Ra4 b3 37.Bd4 b2 38.Bxf6+ Kxf6 39.Rb4 g5 40.Kg2 f4 41.gxf4 gxf4 42.Bc4 f3+
43.Kh3 Ke5 44.Ba2 Re1 45.Rxb2 Re2 46.Rb5+ Kf4 47.Bg8 Rxf2 48.Bxh7 e5 49.Rb1
Rd2 50.Rg1 Rd4 51.Bg6 f2 52.Rf1 e3 53.Bh5 Rd8 54.Kg2 Rg8+ 55.Kh1 Ke4 56.Rd1
Rb8 57.Kg2 Rb2 58.Kf1 Rb8 59.Kg2 Rg8+ 60.Kh1 Kf4 61.Be2 e4 62.Ra1 Kg5 63.Ra5+
Kf4 64.Ra1 Rg7 65.Rb1 Rd7 66.Kg2 Rg7+ {#d} 1/2-1/2

[Event "Ch Bosnia & Herzegovina (team)"]
[Site "masterchessopen.com Neum (Bosnia & Herzegovina)"]
[Date "2005.06.10"]
[Round "7"]
[White "Ilincic Zlatko (SRB)"]
[Black "Ruck Robert (HUN)"]
[Result "1/2-1/2"]
[WhiteElo "2540"]
[BlackElo "2535"]

1.d4 Nf6 2.c4 g6 3.g3 Bg7 4.Bg2 d5 5.cxd5 Nxd5 6.e4 Nb4 7.d5 c6 8.a3 Qa5 9.Nc3
cxd5 10.Bf4 N4c6 11.exd5 Nd4 12.Nf3 Bg4 13.O-O O-O 14.Re1 Qb6 15.Na4 Qa6
16.Nc5 Qb6 {#d} 1/2-1/2

[Event "Ch Europe"]
[Site "masterchessopen.com Warsaw (Poland)"]
[Date "2005.06.21"]
[Round "4"]
[White "Navara David (CZE)"]
[Black "L'Ami Erwin (NED)"]
[Result "1-0"]
[WhiteElo "2646"]
[BlackElo "2541"]

{ L'ami Erwin (NED) +0 =1 -0 } 1.d4 Nf6 2.c4 g6 3.g3 Bg7 4.Bg2 d5 5.cxd5 Nxd5
6.e4 Nb4 { ? } ( 6...Nb6 7.Ne2 c5 8.d5 e6 9.Nbc3 exd5 10.exd5 O-O 11.O-O Na6
12.h3 Nc4 13.b3 Nd6 14.Bf4 b6 15.Qd2 Re8 16.Rad1 Bb7 17.g4 Nc7 18.a4 Ba6
19.Rfe1 Bxe2 20.Nxe2 Be5 21.Bg5 Bf6 22.Be3 Qd7 23.Ng3 Re7 24.Bf4 Rxe1+ 25.Rxe1
Re8 26.Rd1 { ...0-1, Lputian Smbat G 2618 - Van Wely Loek 2714 , Moscow 2001
Ch World FIDE (KO-system) } ) 7.d5 c6 8.Ne2 { ? = } ( 8.a3 Qa5 9.Nc3 cxd5
10.Be3 N4c6 11.exd5 Ne5 12.Bd4 Bf5 13.Bxe5 Bxe5 14.Ne2 O-O 15.O-O Qb6 16.Na4
Qd6 17.Re1 Na6 18.Nd4 Bd7 19.Nc3 Bg7 20.Qd2 Nc5 21.Rad1 Rac8 22.Qe3 Rfe8
23.Nc6 Bxc3 24.Qxc3 a6 25.Qe3 Bg4 26.Rd4 bxc6 27.dxc6 Qe6 { ...1-0, Ivanchuk
Vassily 2731 - Van Wely Loek 2714 , Monaco 2001 It "Melody Amber" (active) } )
8...O-O ( 8...cxd5 9.a3 N4c6 10.exd5 Ne5 11.O-O O-O 12.Nbc3 Bg4 13.h3 Bf3
14.Bxf3 Nxf3+ 15.Kg2 Ne5 16.Qb3 Qc8 17.Bg5 Re8 18.Rfd1 Na6 19.Be3 b6 20.Bd4
Qb7 21.Nf4 Rac8 22.Qc2 e6 23.Qe4 exd5 24.Nfxd5 Qb8 25.Qf4 Nc7 26.Bxe5 Bxe5
27.Nf6+ Bxf6 { 1/2-1/2, Illescas Cordoba Miguel 2640 - Polgar Judit 2665 , Dos
Hermanas 1996 It (cat.19) } ) 9.O-O ( 9.a3 N4a6 10.O-O Nd7 11.Nbc3 cxd5
12.exd5 Ne5 13.h3 Bd7 14.b3 Rc8 15.Ra2 Bf5 16.Ne4 Bxe4 17.Bxe4 Nc5 18.Bg2 Qb6
19.Be3 Qa6 20.Qb1 Rfd8 21.Rd1 Ned7 22.a4 Qd6 23.Nd4 Bxd4 24.Rxd4 a5 25.b4 axb4
26.Rxb4 Ra8 27.a5 Ra6 28.Rb5 Rda8 { ...1-0, Kutirov Rolando 2390 - Turov Maxim
2564 , Ohrid 2001 Ch Europe } ) 9...cxd5 ( 9...e6 10.Bd2 Bxb2 11.Bxb4 Bxa1
12.Nbc3 Bxc3 13.Nxc3 Re8 14.Qc1 e5 15.Ba3 cxd5 16.Nxd5 Nc6 17.Qh6 f6 18.f4 f5
19.fxe5 Rxe5 20.Rd1 Bd7 21.Bb2 Be6 22.exf5 Bxf5 23.h3 Be6 24.Bxe5 Nxe5 25.Qe3
Qb8 26.Re1 { 1-0, Najdorf Miguel 2445 - Filip Miroslav 2465 , Helsinki 1952
Olympiad } ) 10.exd5 { -0.41 CAP } ( 10.a3 N4c6 11.exd5 Ne5 12.Nbc3 Bg4 13.Be3
Nc4 { -0.07 CAP } ) 10...Bg4 { N } ( 10...Bf5 11.Nbc3 N8a6 ( 11...Qd7 12.Bf4
Nd3 13.Qd2 Nxf4 14.Qxf4 Na6 15.Rfd1 Bh3 16.Rd2 Bxg2 17.Kxg2 Rfd8 18.Rad1 Qd6
19.Qxd6 Rxd6 20.Nb5 Rd7 21.Nec3 Nc7 22.Nxc7 Rxc7 23.d6 exd6 24.Nb5 Rd7 25.b3
Bf8 26.Nxd6 Rad8 27.Ne4 Rxd2 28.Rxd2 Rxd2 29.Nxd2 Kg7 30.Kf3 { ...1/2-1/2,
Rossi Giampiero 2101 - Jablon Steven, Bratto 2000 It (open) } ) 12.Bg5 h6
13.Bf4 Nd3 14.Be3 Nxb2 15.Qc1 Nd3 16.Qd2 g5 17.h4 gxh4 18.g4 Bh7 19.Bxh6 Nac5
20.Qg5 Bg6 21.Qxh4 e5 22.g5 f5 23.gxf6 { 1/2-1/2, Nikolic Predrag 2625 -
Horvath Jozsef M 2171 , Hilversum 1993 Cup European Club } ) ( 10...Nd7
11.Nbc3 Ne5 12.Qb3 Nbd3 13.Be3 Ng4 14.Bd2 e6 15.h3 Nge5 16.Nf4 Nc5 17.Qb4 b6
18.b3 exd5 19.Ncxd5 g5 20.Nh5 Bxh3 21.Bxh3 Nf3+ 22.Kh1 Qxd5 23.Nxg7 Qxd2
24.Qg4 Ne5 25.Qf5 Kxg7 26.Qxe5+ f6 27.Qf5 Rad8 28.Rae1 Rfe8 29.Rxe8 Rxe8
30.Bg2 { ...1/2-1/2, Huebner Robert Dr 2612 - Mihalcisin Adrian 2533 , Leon
2001 Ch Europe (team) } ) 11.Nbc3 Re8 { ?! ? } ( 11...N8a6 { !? } 12.a3 Bxc3
13.bxc3 Nxd5 { = } ) 12.Bg5 N8a6 { ?! ± } ( 12...Qc8 { !? } 13.a3 N4a6 14.Rc1
Qf5 { ? } ) 13.a3 Bxc3 14.bxc3 Nxd5 15.Qxd5 Bxe2 16.Rfe1 Qxd5 17.Bxd5 Bb5
18.Bxb7 Rab8 19.Bg2 f6 { ?! ±/+?? } ( 19...Rbc8 { !? } 20.a4 Bc6 21.Bxc6 Rxc6
{ ± } ) 20.Be3 Rbc8 21.a4 Bc6 22.Bf1 Nc7 23.Bxa7 Ra8 24.Bb6 Nd5 25.a5 Kf7
26.c4 Nb4 27.Rab1 Na6 28.c5 Rec8 29.Bc4+ Kf8 30.Be6 Rcb8 31.Rbd1 Rb7 32.Rd4 {
+?? } {#r} 1-0

[Event "Ch Europe (team)"]
[Site "masterchessopen.com Goteborg (Sweden)"]
[Date "2005.08.03"]
[Round "5"]
[White "Kempinski Robert (POL)"]
[Black "Navara David (CZE)"]
[Result "1/2-1/2"]
[WhiteElo "2619"]
[BlackElo "2646"]

{ Kempinski Robert (POL) +1 =1 -0 Navara David (CZE) +1 =0 -0 } 1.d4 Nf6 2.c4
g6 3.g3 Bg7 4.Bg2 d5 5.cxd5 Nxd5 6.e4 Nb4 { ? } ( 6...Nb6 7.Ne2 c5 8.d5 e6
9.Nbc3 exd5 10.exd5 O-O 11.O-O Na6 12.h3 Nc4 13.b3 Nd6 14.Bf4 b6 15.Qd2 Re8
16.Rad1 Bb7 17.g4 Nc7 18.a4 Ba6 19.Rfe1 Bxe2 20.Nxe2 Be5 21.Bg5 Bf6 22.Be3 Qd7
23.Ng3 Re7 24.Bf4 Rxe1+ 25.Rxe1 Re8 26.Rd1 { ...0-1, Lputian Smbat G 2618 -
Van Wely Loek 2714 , Moscow 2001 Ch World FIDE (KO-system) } ) 7.d5 c6 8.a3
Qa5 9.Nc3 cxd5 10.Be3 { ? = } ( 10.Bf4 N4c6 11.exd5 Nd4 12.Nf3 Bg4 13.O-O O-O
14.Re1 Re8 15.Be5 Nxf3+ 16.Bxf3 Bxe5 17.Rxe5 Nd7 18.Re3 Bxf3 19.Qxf3 Rad8
20.b4 Qa6 21.Rae1 { 1-0, Korchnoi Viktor 2635 - Djuric Stefan 2490 , Sarajevo
1984 It (cat.12) } ) 10...Nc2+ ( 10...d4 11.axb4 Qd8 12.Bd2 dxc3 13.Bxc3 Bxc3+
14.bxc3 Qc7 15.Ne2 O-O 16.O-O e5 17.Qd3 Be6 18.Qe3 Bc4 19.Rfe1 b6 20.f4 f6
21.f5 g5 22.g4 Nc6 23.Ng3 Rad8 24.Bf1 Qf7 25.Rad1 Bxf1 26.Rxf1 Qc4 27.h4 h6
28.hxg5 hxg5 29.Nh5 Kf7 30.Rxd8 { ...0-1, Kasimdzhanov Rustam 2676 - Krasenkow
Michal 2633 , Essen 2002 It (cat.16) } ) 11.Qxc2 d4 12.b4 ( 12.Bxd4 Bxd4
13.Ne2 Nc6 14.O-O O-O 15.Nd5 Qd8 16.Nxd4 Nxd4 17.Qc4 e5 18.f4 Be6 19.fxe5 Nc6
20.Qb5 Rb8 21.Nf6+ Kg7 22.Rad1 Qb6+ 23.Qxb6 axb6 24.Nd5 b5 25.Rc1 Rfc8 26.Rc5
Nd4 27.Rxc8 Rxc8 28.Nc3 Rc5 29.Rd1 Nc6 30.Rd6 Nxe5 31.Rb6 Nd3 { ...1/2-1/2,
Makarov Marat 2525 - Novik Maxim 2494 , Leningrad 1989 Ch Armed Forces (team)
} ) 12...Qc7 13.Bxd4 Bxd4 14.Nge2 Bxc3+ ( 14...Bg7 15.Rc1 Nd7 ( 15...Bd7 {
+0.04 CAP } ) 16.Nd5 Qxc2 17.Rxc2 Kd8 18.O-O e6 19.Nc7 Rb8 20.f4 a6 21.Bh3 Nb6
22.f5 Be5 23.fxe6 Bxc7 24.Rd1+ Bd7 25.exf7 Rf8 26.Nd4 Be5 27.Nf3 Ke7 28.Bxd7
Nxd7 29.Rcd2 { 1-0, Navarovszky Laszlo 2280 - Liptay Laszlo 2355 , Budapest
1964 Ch Budapest } ) 15.Nxc3 { ^00 ^01 ^00 ^00 ^00 ^05 Bc8e6 ^00 ^00 ^00 ^01
^00 ^05 Bc8e6 ^254 ^00 ^00 ^00 ^128 } ( 15.Qxc3 Qxc3+ 16.Nxc3 Nc6 17.f4 (
17.Nd5 O-O 18.f4 { +1.02 CAP } ) 17...e5 18.O-O O-O 19.b5 Nd4 20.fxe5 Be6
21.Nd5 Kg7 22.Rfd1 Nb3 23.Rab1 Nc5 24.Nc7 Rac8 25.Nxe6+ Nxe6 26.Bh3 Rfe8
27.Bxe6 Rxe6 28.Rd7 b6 29.Rxa7 Rxe5 30.Rb7 Rxe4 31.Rf1 Rf8 32.Rxb6 Ra4 33.Rf3
f5 34.Rc6 Rfa8 { ...1/2-1/2, Bareev Evgeny 2650 - Krasenkow Michal 2590 ,
Elista 1995 Ch Russia } ) 15...Be6 { +0.29 CAP N ^254 ^00 ^00 ^00 ^04 ! } (
15...O-O 16.Qb2 Be6 17.O-O Nc6 18.Rac1 Qe5 19.Rfd1 Rfd8 20.f4 Rxd1+ 21.Rxd1
Qh5 22.Qf2 Rc8 23.Rd3 b6 24.h4 Bc4 25.Rd2 Nd8 26.Kh2 Ne6 27.Rd7 Nf8 28.Rxe7
Be6 29.Qd4 g5 30.f5 Bb3 31.Kh3 gxh4 { 1-0, Grabarczyk Miroslaw 2470 - Holmsten
Aleksei 2400 , Cappelle la Grande 2003 It (open) } ) 16.Rc1 Nd7 { ?! } (
16...O-O { !? } 17.O-O Rd8 18.Nd5 Qxc2 { } ) 17.O-O Rc8 18.Qb2 O-O 19.Nd5 Qd6
20.e5 Nxe5 21.Nxe7+ Qxe7 22.Qxe5 b6 23.Bh3 Rce8 24.Bxe6 Qxe6 25.Qxe6 Rxe6
26.Rfe1 Rf6 27.Rc7 a6 28.Rec1 Rf3 { ?! } ( 28...Re8 { !? } 29.R1c6 Rxc6
30.Rxc6 Re1+ { } ) 29.a4 Ra3 30.R1c6 Rxa4 31.Rxb6 a5 32.b5 Rb4 33.Ra7 a4
34.Kg2 g5 35.h3 h5 36.Rc7 Kg7 37.Rc5 f6 38.Ra6 Rf7 39.b6 Kg6 40.Rca5 Rb7
41.Rxa4 Rxa4 { } {#d} 1/2-1/2

[Event "It (cat.8)"]
[Site "masterchessopen.com Budapest (Hungary)"]
[Date "2005.08.16"]
[Round "11"]
[White "Ilincic Zlatko (SRB)"]
[Black "Fogarasi Tibor (HUN)"]
[Result "1/2-1/2"]
[WhiteElo "2540"]
[BlackElo "2482"]

1.d4 Nf6 2.c4 g6 3.g3 Bg7 4.Bg2 d5 5.cxd5 Nxd5 6.e4 Nb4 7.d5 c6 8.Ne2 cxd5
9.a3 N4a6 10.exd5 O-O 11.O-O Nd7 12.Ra2 Ne5 13.b3 Nc7 14.Nbc3 Ne8 15.Nd4 Nd6
16.h3 Qa5 17.Nce2 Qa6 18.Bg5 Re8 19.Qd2 Bf5 20.Bh6 Bh8 21.Rd1 Nd7 22.Nc3 Nc5
23.Be3 Nce4 24.Nxe4 Bxe4 25.Bf1 Qb6 26.f3 Bxd4 27.Bxd4 Qxb3 28.fxe4 Nxe4
29.Qc2 Qxg3+ 30.Qg2 Qxg2+ 31.Bxg2 Nd6 32.Rc1 a6 33.a4 Rac8 34.Rac2 Rxc2
35.Rxc2 Rc8 36.Rxc8+ Nxc8 37.a5 Nd6 38.Kf2 Nc4 39.Bc3 Kf8 40.Ke2 Ke8 41.Kd3
Nd6 42.Bb4 Kd7 43.Kd4 Kc7 44.Kc5 h5 45.Bd2 f6 46.Bf4 g5 47.Bh2 f5 48.Be5 g4
49.Bf1 h4 50.Kd4 b6 51.Ke3 bxa5 52.Kf4 gxh3 53.Bxh3 Kb6 54.Bd4+ Kc7 55.Bf2 Ne4
56.Bxh4 Kd6 57.Kxf5 Nc3 58.Be1 Nxd5 59.Bxa5 e6+ 60.Ke4 Nf6+ 61.Kd4 Nd5 62.Bd2
e5+ 63.Ke4 Nf6+ 64.Kf5 Nd5 65.Bf1 Nc7 66.Bc3 Nb5 67.Bxe5+ Kd5 68.Kf6 Kc5
69.Bg3 a5 70.Bf2+ Kc6 71.Ke5 a4 72.Bg2+ Kc7 73.Kd5 a3 74.Bg3+ Kb6 75.Be5 a2
76.Kc4 Nd6+ 77.Kb3 Kc5 78.Kxa2 Nc4 79.Bf6 Ne3 80.Bf3 Nd5 81.Bg7 Nf4 82.Kb2 Ne6
83.Bf6 Nf4 84.Kc2 Nd5 85.Bg7 Nf4 86.Kc3 Nd5+ 87.Kd3 Nf4+ 88.Ke4 Ne6 89.Bf6 Nc7
90.Be7+ Kc6 91.Ke5+ Kd7 92.Bb4 Nb5 93.Bd1 Kc6 94.Ba4 Kb6 95.Kd5 Nc7+ 96.Kc4
Ne6 97.Bd6 Nc7 98.Bc5+ Kb7 99.Bd7 Na8 100.Bg4 Nb6+ 101.Kb5 Nc8 102.Bb4 Na7+
103.Kc5 Nc8 104.Bf3+ Ka6 105.Bd2 Ne7 106.Be4 Nc8 107.Be1 Na7 108.Bf2 Nc8
109.Kc6 Na7+ 110.Kd7 Nb5 111.Bd3 Ka5 112.Kc6 Nc3 113.Kc5 Na4+ 114.Kd5 Kb4
115.Be1+ Kb3 116.Kd4 Nb2 117.Be2 Kc2 118.Bb5 Kb3 119.Bd7 Na4 120.Be6+ Kc2
121.Bg3 Nb2 122.Bf5+ Kb3 123.Kc5 Na4+ 124.Kb5 Nc3+ 125.Ka5 Kc4 126.Be6+ Kd4
{#d} 1/2-1/2

[Event "It (cat.7)"]
[Site "masterchessopen.com Budapest (Hungary)"]
[Date "2005.09.04"]
[Round "2"]
[White "Ilincic Zlatko (SRB)"]
[Black "Bergez Luc (FRA)"]
[Result "1-0"]
[WhiteElo "2540"]
[BlackElo "2351"]

1.d4 Nf6 2.c4 g6 3.g3 Bg7 4.Bg2 d5 5.cxd5 Nxd5 6.e4 Nb4 7.d5 O-O 8.Ne2 e6 9.a3
N4a6 10.O-O exd5 11.exd5 c6 12.Nbc3 cxd5 13.Nxd5 Nc6 14.Nec3 Bf5 15.g4 Be6
16.g5 Nc7 17.Be3 Nxd5 18.Nxd5 Ne5 19.Bc5 Re8 20.f4 Nc4 21.f5 Qxg5 22.fxe6 fxe6
23.Qc1 Qxc1 24.Raxc1 Nd2 25.Nf6+ Bxf6 26.Rxf6 Rac8 27.Rd1 Rxc5 28.Rxd2 Re7
29.Re2 e5 30.Rd6 Kg7 31.Kf2 Rc4 32.Ke3 Rh4 33.h3 Kh6 34.Red2 Rf4 35.Rd7 Rff7
36.Rxe7 Rxe7 37.Rd8 b6 38.Rb8 Rc7 39.Be4 Rc1 40.Rb7 Re1+ 41.Kf3 Rh1 42.Kg3 Re1
43.Bd5 e4 44.Bg8 Kg5 45.h4+ Kf5 46.Rf7+ Ke5 47.Rxh7 Rf1 48.Rxa7 Kd4 49.Ra4+
Ke3 50.Bd5 Rg1+ 51.Kh2 {#r} 1-0